ULUBIONE PRZEDMIOTY SZKOLNE DZIECI - Statystyki

Ogólne statystyki
  • Ten quiz został rozwiązany 128 razy
  • Średni wynik to 3 z 5
Statystyki odpowiedzi
Odpowiedź % Poprawnych
WF
96%
PLASTYKA
81%
MUZYKA
78%
INFORMATYKA
60%
GODZINA WYCHOWAWCZA
33%
Nie znaleziono quizów pasujących do podanych kryteriów
Rozkład punktacji
Procent ludzi z każdym wynikiem
Percentyl według liczby udzielonych odpowiedzi
Twoja historia wyników
Nie rozwiązałeś tego quizu